I2I-Powerline from A Goofy Movie lyrics - Statistics

General Stats
  • This quiz has been taken 50 times
  • The average score is 315 of 437
Answer Stats
Answer % Correct
I
100%
a
97%
the
97%
We
97%
we
97%
it
94%
it)
94%
to
94%
in
88%
time
88%
time)
88%
where
88%
and
85%
be
85%
for
85%
For
85%
(for
85%
is
85%
love
85%
(Love
85%
on
85%
see
85%
why
85%
you
85%
You
85%
first
82%
If
82%
we're
79%
were
79%
(We're
79%
(we're
79%
We're
79%
eye
73%
eye)
73%
(eye
73%
(Eye
73%
Eye
73%
ever
70%
ever)
70%
heart
70%
other's
70%
reason
70%
that
70%
each
67%
Maybe
67%
maybe
67%
one
67%
One
67%
seeing
67%
Seeing
67%
(Seeing
67%
(seeing
67%
too
67%
Too
67%
us
67%
will
67%
all
64%
me
64%
world
64%
apart
61%
by
61%
find
61%
have
61%
know
61%
listen
61%
should
61%
we'll
61%
We'll
61%
far
58%
got
58%
motion
58%
never
58%
way
58%
what
58%
Yeah
58%
Yeah)
58%
yeah)
58%
yeah
58%
(yeah)
58%
don't
55%
now)
55%
or
55%
out
55%
another
52%
it's
52%
(Oh
52%
oh
52%
So
52%
beat
48%
hand
48%
myself
48%
you'll
48%
are
45%
come
45%
set
45%
understand
45%
stop
42%
you're
42%
from
39%
gonna
39%
reaching
39%
Take
39%
belong
36%
discover
36%
look
36%
Think
36%
think
36%
through
36%
won't
36%
Yes
36%
between
33%
both
33%
hard
33%
high
33%
known
33%
let
33%
lonely
33%
notion
33%
wall
33%
After
30%
along
30%
before
30%
break
30%
hurry
30%
lead
30%
(nothing's
30%
worry
30%
baby
27%
bring
27%
climb
27%
count
27%
down
27%
only
27%
together's
27%
away
24%
Hey
24%
inside
21%
Whoa
12%
No matching quizzes found
Score Distribution
Percent of People with Each Score
Percentile by Number Answered
Your Score History
You have not taken this quiz